Tín hiệu - mạch và hệ thống vô tuyến điện
Сохранить в:
| Главный автор: | |
|---|---|
| Формат: | |
| Язык: | Undetermined |
| Опубликовано: |
Hà Nội
ĐH&THCN
1972
|
| Предметы: | |
| Метки: |
Добавить метку
Нет меток, Требуется 1-ая метка записи!
|
| Thư viện lưu trữ: | Trung tâm Học liệu Trường Đại học Cần Thơ |
|---|
| LEADER | 00532nam a2200169Ia 4500 | ||
|---|---|---|---|
| 001 | CTU_46234 | ||
| 008 | 210402s9999 xx 000 0 und d | ||
| 082 | |a 621.384 | ||
| 082 | |b Nh105/T1 | ||
| 100 | |a Phương Xuân Nhàn | ||
| 245 | 0 | |a Tín hiệu - mạch và hệ thống vô tuyến điện | |
| 245 | 0 | |c Phương Xuân Nhàn | |
| 260 | |a Hà Nội | ||
| 260 | |b ĐH&THCN | ||
| 260 | |c 1972 | ||
| 650 | |a signal processing - digital techniques | ||
| 980 | |a Trung tâm Học liệu Trường Đại học Cần Thơ | ||